[Event "Charleroi op 5th"]
[Site "Charleroi"]
[Date "2006.07.31"]
[Round "4"]
[White "Charlier, Benoit"]
[Black "Domelevo Entfellner, Jean Baka"]
[Result "0-1"]
[WhiteElo "1642"]
[BlackElo "1967"]
[PlyCount "66"]
[EventDate "2006.07.29"]
[EventType "swiss"]
[EventRounds "9"]
[EventCountry "BEL"]
[SourceTitle "CBM 113 Extra"]
[Source "ChessBase"]
[SourceDate "2006.09.14"]
[SourceVersion "1"]
[SourceVersionDate "2006.09.14"]
[SourceQuality "1"]

1. d4 f5 2. c4 Nf6 3. Nf3 g6 4. g3 Bg7 5. Bg2 0-0 6. 0-0 d6 7. Nc3 Qe8 8. d5 e5 9. dxe6 Qxe6 10. Nd5 Na6 11. Ng5 Qd7 12. Rb1 c6 13. Nxf6+ Bxf6 14. Bf4 Rd8 15. b4 Nc7 16. Qb3 Kg7 17. Rfd1 Qe7 18. Qe3 Ne6 19. Nxe6+ Bxe6 20. Qd3 d5 21. c5 g5 22. Bd6 Rxd6 23. cxd6 Qxd6 24. a3 Rd8 25. e4 Qe5 26. exd5 cxd5 27. Rbc1 b6 28. Re1 Qd6 29. Qe2 Bf7 30. Qc2 d4 31. Qd3 Bg6 32. Rc6 f4 33. Be4 Qxc6 0-1

[Event "Charleroi op 4th"]
[Site "Charleroi"]
[Date "2005.08.03"]
[Round "6"]
[White "Kocur, Marc"]
[Black "Charlier, Benoit"]
[Result "1-0"]
[WhiteElo "1962"]
[BlackElo "1609"]
[PlyCount "45"]
[EventDate "2005.07.30"]
[EventType "swiss"]
[EventRounds "9"]
[EventCountry "BEL"]
[SourceTitle "EXT 2006"]
[Source "ChessBase"]
[SourceDate "2005.11.24"]
[SourceVersion "1"]
[SourceVersionDate "2005.11.24"]
[SourceQuality "1"]

1. e4 c5 2. g3 d5 3. exd5 Qxd5 4. Nf3 Bg4 5. Bg2 Qe6+ 6. Kf1 Nc6 7. h3 Bh5 8. g4 Bg6 9. d3 Qd7 10. Bf4 e6 11. Nc3 Bd6 12. Qd2 0-0-0 13. Bxd6 Qxd6 14. Nb5 Qd7 15. Qc3 Qe7 16. b4 a6 17. a4 cxb4 18. Na7+ Kb8 19. Nxc6+ bxc6 20. Rb1 Kc7 21. Qc4 e5 22. Nxe5 Qxe5 23. Qxc6+ 1-0

[Event "Charleroi op 2nd"]
[Site "Charleroi"]
[Date "2003.08.23"]
[Round "1.27"]
[White "Charlier, Benoit"]
[Black "De Reymaeker, Walter"]
[Result "0-1"]
[WhiteElo "1543"]
[BlackElo "2047"]
[PlyCount "45"]
[EventDate "2003.08.23"]
[EventType "swiss"]
[EventRounds "9"]
[EventCountry "BEL"]
[SourceTitle "EXT 2004"]
[Source "ChessBase"]
[SourceDate "2003.11.25"]
[SourceVersion "1"]
[SourceVersionDate "2003.11.25"]
[SourceQuality "1"]

1. d4 Nf6 2. g4 d5 3. g5 Ne4 4. Bg2 e6 5. f3 Nd6 6. e4 b6 7. Nc3 Bb7 8. Nge2 Be7 9. h4 h6 10. f4 dxe4 11. Ng3 f5 12. Qh5+ Kd7 13. Bd2 hxg5 14. Qe2 gxh4 15. Nf1 Ba6 16. Qf2 h3 17. Rxh3 Rxh3 18. Bxh3 Qh8 19. Qg2 Bxf1 20. Kxf1 c6 21. Ne2 Na6 22. c4 Nxc4 23. Bc3 0-1